| 000 | 00894nam a2200217 a 4500 | ||
|---|---|---|---|
| 008 | 120416s1980 ||||||||||||||||| || u | ||
| 020 | _a0538129808 | ||
| 050 | _aKB 60 Two | ||
| 100 | _aTwomey, David P | ||
| 245 | 1 | 0 | _aLabour law and legislation |
| 250 | _a6th ed. | ||
| 260 |
_aCincinatti _bSouth-western Pub. Co _c1980 |
||
| 300 | _aix, 547p. | ||
| 350 | _a0.00 | ||
| 500 | _aFifth ed. (1975) by A. H. Myers. -Includes indexes. | ||
| 650 | _aLAW | ||
| 650 | _aLABOUR LAWS AND LEGISLATION--UNITED STATES--CASES | ||
| 700 | _aMyers, A. Howard (Aaron Howard), 1904- | ||
| 995 |
_aMAIN LIBRARY OPEN ACCESS _D0.00 _e703542 _FCBU-MAIN LIBRARY (Kitwe) _H2 _I28.00 _jKB 60 Two _M1 _UAVAILABLE _y009003 _ZMain Library Open Access Collection |
||
| 995 |
_aMAIN LIBRARY OPEN ACCESS _D0.00 _e709550 _FCBU-MAIN LIBRARY (Kitwe) _H1 _I28.00 _jKB 60 Two _M2 _UAVAILABLE _y009004 _ZMain Library Open Access Collection |
||
| 999 |
_c80568 _d80568 |
||